000 01167 a2200229 4500
001 29446
005 20260407155604.0
008 260407a1998 arg spa d
003 AR-UNSa-BCEJYS
040 _aAR-UNSa-BCEJYS
_bspa
_cAR-UNSa-BCEJYS
080 _a336.225
_xMétodo de tributación y administración de impuestos
245 1 0 _aIlicitos formales agravados e ilicitos materiales
250 _a2a. ed.
264 1 _aBuenos Aires :
_bEdiciones Nueva Técnica
_c1998
300 _a108 p.
_c28 cm.
505 _aModulo I: Infracciones formales agravadas: 1. Concepto - 2. Clausura de establecimientos - 3. Procedimientos para la aplicación de las sanciones impuestas por el art. 40 - 4. Clausura preventiva - Modulo II: Infracciones materiales: 1. Ilícitos materiales - 2. Ilícitos por omisión art. 45 - 3. Ilícitos materiales dolosos por defraudación - 4. No ingreso de retenciones o percepciones practicadas art. 48 L.P.T. - 5. Procedimientos para la aplicaión de multas - 6. Reducción de sanciones
041 _aspa
942 _cBK
590 _aniveau_biblio:m niveau_hierar:0
100 1 _aGómez, Teresa
700 1 _aFolco, Carlos Maria
999 _c1871
_d1871